=LDR 00000nam 2200000 4500 =001 INLIS000000000030068 =005 20130612132239 =008 ***********************************ind** =035 ##$$0010-061300000030068 =041 ##$$a ind =082 ##$$a 028.5 =090 ##$$a 028.5, WEI s =100 ##$$a Weiss, Bobbi JG =245 ##$$a Si Cantik dan Pangeran Buruk Rupa, Bobbi JG Weiss, T.J. Steiner =260 ##$$a [s.a] $b Jakarta =300 ##$$a 48 hlm., ilus., 22 cm =650 ##$$a Fiksi Anak =700 ##$$a Steiner, T.J =850 ##$$a NBPNMAT